|
|
|
|
| LEADER |
00659cam a2200229ua 4500 |
| 008 |
111014t2008||||||||||| 00 ||eng c |
| 041 |
0 |
|
|a eng
|
| 082 |
|
|
|a 338.7
|b DWI/M
|
| 245 |
1 |
0 |
|a Managerial economics /
|
| 250 |
|
|
|a 7
|
| 260 |
|
|
|a New Delhi:
|b Vikas,
|c 2008.
|
| 300 |
|
|
|a 704p..
|
| 362 |
1 |
|
|a 2008.
|
| 650 |
|
|
|a Economics
|
| 650 |
0 |
|
|a Business enterprises
|
| 650 |
0 |
|
|a Managerial economics
|
| 650 |
0 |
|
|a Business firms
|
| 650 |
0 |
|
|a Consumer demand
|
| 700 |
0 |
2 |
|a Dwivedi,, D.N.
|
| 942 |
|
|
|c BK
|
| 999 |
|
|
|c 31034
|d 31034
|
| 952 |
|
|
|0 0
|1 0
|4 0
|6 338_700000000000000_DWI
|7 0
|9 32889
|a KUCL
|b KUCL
|d 2014-05-23
|l 1
|o 338.7 DWI/
|p 27414
|r 2015-11-21
|s 2015-10-21
|w 2014-05-23
|y BK
|